[Event "Nova Gorica op-A 26th"]
[Site "Nova Gorica"]
[Date "2022.09.17"]
[Round "3"]
[White "Guid, Matej"]
[Black "Schreiner, Peter"]
[Result "1/2-1/2"]
[WhiteElo "2292"]
[BlackElo "2405"]
[PlyCount "22"]
[EventDate "2022.09.16"]
[EventType "swiss"]
[EventRounds "9"]
[EventCountry "SLO"]
[SourceTitle "CBM 210 Extra"]
[Source "ChessBase"]
[SourceDate "2022.11.30"]
[SourceVersion "1"]
[SourceVersionDate "2022.11.30"]
[SourceQuality "1"]

1. e4 e5 2. Bc4 Nf6 3. d3 Nc6 4. Nc3 Na5 5. Bb3 Bb4 6. Nf3 Nxb3 7. axb3 d5 8. 0-0 dxe4 9. Nxe5 exd3 10. Nxd3 Be7 11. Qf3 0-0 1/2-1/2

[Event "SLO-chT1 West 29th"]
[Site "Slovenia"]
[Date "2019.09.20"]
[Round "1.2"]
[White "Guid, Matej"]
[Black "Stevanic, David"]
[Result "1/2-1/2"]
[WhiteElo "2317"]
[BlackElo "2309"]
[PlyCount "143"]
[EventDate "2019.09.20"]
[EventType "team-tourn"]
[EventRounds "9"]
[EventCountry "SLO"]
[SourceTitle "CBM 192 Extra"]
[Source "Chessbase"]
[SourceDate "2019.11.06"]
[SourceVersion "1"]
[SourceVersionDate "2019.11.06"]
[SourceQuality "1"]
[WhiteTeam "Trebnje BMP"]
[BlackTeam "Kocevje"]
[WhiteTeamCountry "SLO"]
[BlackTeamCountry "SLO"]

1. c4 e5 2. g3 Nc6 3. Nc3 g6 4. Bg2 Bg7 5. e4 d6 6. Nge2 f5 7. d3 Nf6 8. 0-0 0-0 9. Nd5 Nxd5 10. cxd5 Ne7 11. Be3 c6 12. Qd2 cxd5 13. exd5 b6 14. a4 Bb7 15. Qb4 Kh8 16. Qb3 Qe8 17. a5 Qf7 18. axb6 axb6 19. Rxa8 Bxa8 20. Nc3 f4 21. Bxb6 f3 22. Bh3 Bxd5 23. Qa4 Be6 24. Bxe6 Qxe6 25. Kh1 Nd5 26. Nxd5 Qxd5 27. Qc4 Qb7 28. Qc7 Rb8 29. Qxb7 Rxb7 30. Rc1 Rxb6 31. Rc8+ Bf8 32. Rxf8+ Kg7 33. Rxf3 Rxb2 34. h4 d5 35. Kg2 d4 36. Kf1 h5 37. Ke1 Rb3 38. Ke2 Ra3 39. Ke1 Ra2 40. Kf1 Ra6 41. Ke2 Rb6 42. Ke1 Rf6 43. Ke2 Rf5 44. Rxf5 gxf5 45. f3 Kf6 46. Kf2 Ke6 47. Ke2 Kd5 48. Kf2 Kd6 49. Ke2 Ke6 50. Ke1 e4 51. dxe4 fxe4 52. fxe4 Ke5 53. Kd2 Kxe4 54. Ke2 Kf5 55. Kd3 Ke5 56. Kd2 Kd6 57. Kd3 Kc5 58. Kd2 Kd5 59. Kd3 Kc5 60. Kd2 Kc4 61. Kc2 Kd5 62. Kd3 Kc5 63. Kd2 Kc4 64. Kc2 d3+ 65. Kd2 Kd4 66. g4 hxg4 67. h5 g3 68. h6 g2 69. h7 g1Q 70. h8Q+ Kd5 71. Qd8+ Kc4 72. Qxd3+ 1/2-1/2

[Event "Trieste op 21st"]
[Site "Trieste"]
[Date "2019.09.01"]
[Round "3"]
[White "De Francesco, Klaus"]
[Black "Guid, Matej"]
[Result "1-0"]
[WhiteElo "2223"]
[BlackElo "2317"]
[PlyCount "45"]
[EventDate "2019.08.31"]
[EventType "swiss"]
[EventRounds "9"]
[EventCountry "ITA"]
[SourceTitle "EXT 2020"]
[Source "ChessBase"]
[SourceDate "2019.10.17"]
[SourceVersion "1"]
[SourceVersionDate "2019.10.17"]
[SourceQuality "1"]

1. d4 d5 2. c4 c6 3. Nf3 dxc4 4. e3 b5 5. a4 e6 6. b3 Bb4+ 7. Bd2 Bxd2+ 8. Qxd2 a5 9. bxc4 b4 10. Bd3 Nd7 11. 0-0 Ngf6 12. e4 e5 13. dxe5 Nxe5 14. Nxe5 Qd4 15. Nxc6 Qxa1 16. e5 Ng8 17. Be4 Be6 18. Rd1 f6 19. Qd6 Kf7 20. Qc7+ Kf8 21. Nd8 Ra6 22. Bc6 Qxe5 23. Nxe6+ 1-0

[Event "SLO-chT1 West"]
[Site "Slovenia"]
[Date "2018.09.29"]
[Round "2.1"]
[White "Firat, Burak"]
[Black "Guid, Matej"]
[Result "1/2-1/2"]
[WhiteElo "2465"]
[BlackElo "2361"]
[PlyCount "161"]
[EventDate "2018.09.28"]
[EventType "team-tourn"]
[EventRounds "9"]
[EventCountry "SLO"]
[SourceTitle "CBM 187 Extra"]
[Source "ChessBase"]
[SourceDate "2018.11.04"]
[SourceVersion "1"]
[SourceVersionDate "2018.11.04"]
[SourceQuality "1"]
[WhiteTeam "Domzale Tajfun"]
[BlackTeam "Trebnje BMP"]
[WhiteTeamCountry "SLO"]
[BlackTeamCountry "SLO"]

1. e4 c5 2. Nf3 e6 3. d4 cxd4 4. Nxd4 Nf6 5. Nc3 Nc6 6. Nxc6 bxc6 7. e5 Nd5 8. Ne4 Qc7 9. f4 Qb6 10. c4 Bb4+ 11. Ke2 f5 12. Nf2 Ba6 13. Kf3 Ne7 14. Be3 Bc5 15. Bxc5 Qxc5 16. Qd6 Qa5 17. h4 c5 18. Kg3 Kf7 19. Be2 Rhd8 20. Bh5+ Kf8 21. b3 Bb7 22. Rhd1 Rac8 23. Qd2 Qxd2 24. Rxd2 Rc7 25. Rc1 Nc8 26. Nd1 Ke7 27. Nc3 a6 28. Bf3 Bxf3 29. gxf3 h5 30. Rcd1 Rc6 31. Kf2 Ke8 32. Ke3 Ke7 33. Ne2 Nb6 34. Rg1 Kf7 35. Rd6 Rdc8 36. Nc1 R8c7 37. Rd2 Rc8 38. Rdg2 Rg8 39. Ne2 g6 40. Nc1 Nc8 41. Nd3 Ne7 42. Rd2 Rd8 43. Nf2 Nc8 44. Nh3 d5 45. exd6 Rcxd6 46. Rxd6 Rxd6 47. Nf2 Nb6 48. Nd3 Nd7 49. Re1 Kf6 50. Kd2 e5 51. Kc3 exf4 52. Nxf4 g5 53. Nd5+ Kg6 54. Ne7+ Kf6 55. Nd5+ Kg6 56. Rd1 Kh6 57. hxg5+ Kxg5 58. Rg1+ Kh6 59. Ne7 Kh7 60. Nxf5 Rg6 61. Re1 Rf6 62. Re7+ Kg6 63. Rxd7 Rxf5 64. Kd3 Rxf3+ 65. Ke4 Rf2 66. Rd6+ Rf6 67. Rd1 h4 68. Kd5 Rf5+ 69. Kc6 Kg5 70. Kb6 h3 71. Kxa6 Kh4 72. Kb6 h2 73. a4 Rf3 74. a5 Rxb3+ 75. Kxc5 Kg3 76. a6 Kg2 77. Rd2+ Kg1 78. Rd1+ Kg2 79. Rd2+ Kg1 80. Rd1+ Kg2 81. Rd2+ 1/2-1/2

[Event "SLO-chT1 West"]
[Site "Slovenia"]
[Date "2018.09.28"]
[Round "1.1"]
[White "Guid, Matej"]
[Black "Janzelj, Tim"]
[Result "0-1"]
[WhiteElo "2361"]
[BlackElo "2413"]
[PlyCount "108"]
[EventDate "2018.09.28"]
[EventType "team-tourn"]
[EventRounds "9"]
[EventCountry "SLO"]
[SourceTitle "CBM 187 Extra"]
[Source "ChessBase"]
[SourceDate "2018.11.04"]
[SourceVersion "1"]
[SourceVersionDate "2018.11.04"]
[SourceQuality "1"]
[WhiteTeam "Trebnje BMP"]
[BlackTeam "Ig"]
[WhiteTeamCountry "SLO"]
[BlackTeamCountry "SLO"]

1. c4 e6 2. Nf3 Nf6 3. g3 d5 4. b3 Be7 5. Bg2 0-0 6. 0-0 c5 7. e3 Nc6 8. Bb2 b6 9. Nc3 Bb7 10. cxd5 exd5 11. d4 Rc8 12. Ne5 Nxe5 13. dxe5 Ne4 14. Nxe4 dxe4 15. Qc2 Qd5 16. Rfd1 Qc6 17. Rd2 Rfd8 18. Rad1 Rxd2 19. Qxd2 h6 20. Qc3 Rd8 21. Rxd8+ Bxd8 22. e6 f6 23. Qc4 Be7 24. Bh3 Kf8 25. Bf5 Qd5 26. Qxd5 Bxd5 27. h4 Bd6 28. f4 exf3 29. e4 Bb7 30. Kf2 Ke7 31. g4 Bc8 32. g5 hxg5 33. hxg5 fxg5 34. Bxg7 Bxe6 35. Kxf3 Bf4 36. Kg4 Bd2 37. Bxe6 Kxe6 38. a4 Be3 39. Kf3 Bd4 40. Bf8 Bf6 41. Ke3 Be5 42. Kf3 Kf7 43. Bh6 Kg6 44. Bf8 Kh5 45. Be7 g4+ 46. Ke3 Kg6 47. a5 Kf7 48. Bd8 bxa5 49. Bxa5 Ke6 50. Be1 Kd7 51. Kd3 Kc6 52. Kc4 g3 53. b4 g2 54. Bf2 Bd4 0-1

[Event "SLO-chT1 West"]
[Site "Slovenia"]
[Date "2016.11.27"]
[Round "6"]
[White "Guid, Matej"]
[Black "Lenic, Luka"]
[Result "0-1"]
[WhiteElo "2347"]
[BlackElo "2643"]
[PlyCount "120"]
[EventDate "2016.11.11"]
[EventType "team-tourn"]
[EventRounds "9"]
[EventCountry "SLO"]
[SourceTitle "EXT 2018"]
[Source "ChessBase"]
[SourceDate "2017.10.13"]
[SourceVersion "1"]
[SourceVersionDate "2017.10.13"]
[SourceQuality "1"]
[WhiteTeam "Trebnje BMP"]
[BlackTeam "Ljubljana Duol"]
[WhiteTeamCountry "SLO"]
[BlackTeamCountry "SLO"]

1. e4 e5 2. Nf3 Nc6 3. Bc4 Bc5 4. c3 Nf6 5. d3 a6 6. Bb3 d6 7. Nbd2 0-0 8. Nf1 Ng4 9. Ne3 Nxe3 10. Bxe3 Bxe3 11. fxe3 Na5 12. 0-0 Nxb3 13. Qxb3 Rb8 14. a4 a5 15. c4 Bd7 16. Qc3 Ra8 17. b4 axb4 18. Qxb4 Bc6 19. a5 Qe7 20. Ra2 Ra6 21. Raf2 Rfa8 22. Ra1 b6 23. Rfa2 f5 24. Qd2 fxe4 25. dxe4 bxa5 26. Rxa5 Rxa5 27. Rxa5 Rxa5 28. Qxa5 Bxe4 29. Nd2 Bc6 30. Qa6 Qd7 31. e4 h6 32. h3 Kh7 33. Qa7 Qf7 34. Qf2 Qg6 35. Qe3 Qf6 36. g3 Bd7 37. h4 Be6 38. Qf2 Qd8 39. Qa7 Qd7 40. Qa6 Bf7 41. Qa1 Qc6 42. Qf1 Be6 43. Kg2 Qb6 44. Qd3 Qb2 45. Kf3 Qc1 46. Kf2 Kg8 47. Qe2 Kf8 48. Kg2 Ke7 49. Kf2 Qb2 50. Kf3 Qc2 51. Ke3 Qc3+ 52. Qd3 Qc1 53. Kf2 Bf7 54. Qe2 Be6 55. Qd3 Qb2 56. Qe3 Bxc4 57. Kf3 Be6 58. Qd3 Kd7 59. Qe3 Qc2 60. g4 Qd1+ 0-1

[Event "SLO-chT1 West"]
[Site "Ljubljana"]
[Date "2015.10.17"]
[Round "2"]
[White "Pregarac, Valter"]
[Black "Guid, Matej"]
[Result "0-1"]
[WhiteElo "2117"]
[BlackElo "2303"]
[PlyCount "78"]
[EventDate "2015.10.16"]
[EventType "team-tourn"]
[EventRounds "9"]
[EventCountry "SLO"]
[SourceTitle "EXT 2019"]
[Source "ChessBase"]
[SourceDate "2018.10.10"]
[SourceVersion "1"]
[SourceVersionDate "2018.10.10"]
[SourceQuality "1"]
[WhiteTeam "Piran"]
[BlackTeam "Trebnje BMP"]
[WhiteTeamCountry "SLO"]
[BlackTeamCountry "SLO"]

1. c4 e5 2. Nc3 Nf6 3. e3 d5 4. d4 exd4 5. exd4 c6 6. Bd3 dxc4 7. Bxc4 Bd6 8. Nge2 0-0 9. 0-0 Nbd7 10. Ng3 Nb6 11. Bb3 Re8 12. Bc2 Bf8 13. Qd3 g6 14. Bg5 Bg7 15. Rad1 Be6 16. Qd2 Nbd5 17. Bb3 Nb4 18. Bxe6 Rxe6 19. Na4 Nbd5 20. Nc5 Re7 21. Bh6 Bxh6 22. Qxh6 Qf8 23. Qh4 Rae8 24. a3 h6 25. Nd3 h5 26. Ne5 Qh6 27. Rd3 Qf4 28. Qh3 c5 29. Ne2 Qh6 30. f4 c4 31. Rdf3 Ne4 32. f5 Ng5 33. Qg3 Nxf3+ 34. Rxf3 g5 35. f6 Re6 36. Rf5 g4 37. Nxg4 hxg4 38. Qxg4+ Kf8 39. Rg5 Nxf6 0-1

[Event "Ljubljana-chT 68th Superliga"]
[Site "Ljubljana"]
[Date "2015.03.12"]
[Round "8.1"]
[White "Kralj, Samo"]
[Black "Guid, Matej"]
[Result "0-1"]
[WhiteElo "2004"]
[BlackElo "2294"]
[PlyCount "62"]
[EventDate "2015.01.08"]
[EventType "team-tourn"]
[EventRounds "9"]
[EventCountry "SLO"]
[SourceTitle "EXT 2022"]
[Source "ChessBase"]
[SourceDate "2021.10.06"]
[SourceVersion "1"]
[SourceVersionDate "2021.10.06"]
[SourceQuality "1"]
[WhiteTeam "Komenda Pogi"]
[BlackTeam "Mentor"]
[WhiteTeamCountry "SLO"]
[BlackTeamCountry "SLO"]

1. e4 c5 2. f4 Nc6 3. Nf3 e6 4. Nc3 a6 5. a4 Nf6 6. Be2 d6 7. 0-0 Be7 8. d4 cxd4 9. Nxd4 0-0 10. Be3 Bd7 11. Qd2 Nxd4 12. Bxd4 Bc6 13. Qe3 Nd7 14. b4 e5 15. fxe5 dxe5 16. Bc5 Nxc5 17. bxc5 Qa5 18. Kh1 Bxc5 19. Qg3 Bd4 20. Ra3 Bxc3 21. Rxc3 Bxe4 22. Rc4 f5 23. Qf2 Rfc8 24. Rxe4 fxe4 25. Qf7+ Kh8 26. Bg4 Rd8 27. h4 Qb4 28. Qh5 Rf8 29. Bf5 g6 30. Bxg6 Rxf1+ 31. Kh2 Qe7 0-1

[Event "Ljubljana-chT 68th Superliga"]
[Site "Ljubljana"]
[Date "2015.01.15"]
[Round "2.2"]
[White "Lah, Emil"]
[Black "Guid, Matej"]
[Result "0-1"]
[WhiteElo "1986"]
[BlackElo "2294"]
[PlyCount "50"]
[EventDate "2015.01.08"]
[EventType "team-tourn"]
[EventRounds "9"]
[EventCountry "SLO"]
[SourceTitle "EXT 2022"]
[Source "ChessBase"]
[SourceDate "2021.10.06"]
[SourceVersion "1"]
[SourceVersionDate "2021.10.06"]
[SourceQuality "1"]
[WhiteTeam "Trzin Buscotrade"]
[BlackTeam "Mentor"]
[WhiteTeamCountry "SLO"]
[BlackTeamCountry "SLO"]

1. e4 c5 2. c3 Nf6 3. e5 Nd5 4. Nf3 Nc6 5. Bc4 Nb6 6. Bb3 c4 7. Bc2 Qc7 8. Qe2 g5 9. e6 dxe6 10. Nxg5 Qe5 11. Qxe5 Nxe5 12. 0-0 Rg8 13. f4 Ng6 14. d4 Bh6 15. Nxf7 Kxf7 16. f5 Nh4 17. fxe6+ Kxe6 18. Bxh6 Rxg2+ 19. Kh1 Rxc2 20. Na3 Re2 21. Nb5 Nd5 22. b3 a6 23. bxc4 axb5 24. cxd5+ Kxd5 25. Bg5 Bf5 0-1

[Event "Ljubljana-chT 67th Superliga"]
[Site "Ljubljana"]
[Date "2014.03.13"]
[Round "7.1"]
[White "Guid, Matej"]
[Black "Gantar, Jan"]
[Result "1/2-1/2"]
[WhiteElo "2279"]
[BlackElo "2197"]
[PlyCount "58"]
[EventDate "2014.01.09"]
[EventType "team-tourn"]
[EventRounds "9"]
[EventCountry "SLO"]
[SourceTitle "EXT 2022"]
[Source "ChessBase"]
[SourceDate "2021.10.06"]
[SourceVersion "1"]
[SourceVersionDate "2021.10.06"]
[SourceQuality "1"]
[WhiteTeam "Mentor"]
[BlackTeam "Komenda Popotnik"]
[WhiteTeamCountry "SLO"]
[BlackTeamCountry "SLO"]

1. g3 Nf6 2. Bg2 g6 3. d4 Bg7 4. e4 d6 5. Ne2 0-0 6. 0-0 c5 7. b3 cxd4 8. Nxd4 Bg4 9. Qd2 Qd7 10. Re1 e5 11. Nf3 Nxe4 12. Rxe4 Bxf3 13. Bxf3 d5 14. Ba3 dxe4 15. Bxf8 exf3 16. Qxd7 Nxd7 17. Bxg7 Kxg7 18. Nd2 f5 19. Nxf3 Kf6 20. Rd1 Ke7 21. c4 e4 22. Ng5 Nf6 23. h4 Rd8 24. Rxd8 Kxd8 25. f3 exf3 26. Kf2 Ke7 27. Kxf3 h6 28. Nh3 Ke6 29. Nf2 b6 1/2-1/2

[Event "Ljubljana-chT 67th Superliga"]
[Site "Ljubljana"]
[Date "2014.02.13"]
[Round "5.1"]
[White "Guid, Matej"]
[Black "Lah, Emil"]
[Result "1-0"]
[WhiteElo "2279"]
[BlackElo "1990"]
[PlyCount "57"]
[EventDate "2014.01.09"]
[EventType "team-tourn"]
[EventRounds "9"]
[EventCountry "SLO"]
[SourceTitle "EXT 2022"]
[Source "ChessBase"]
[SourceDate "2021.10.06"]
[SourceVersion "1"]
[SourceVersionDate "2021.10.06"]
[SourceQuality "1"]
[WhiteTeam "Mentor"]
[BlackTeam "Trzin Buscotrade"]
[WhiteTeamCountry "SLO"]
[BlackTeamCountry "SLO"]

1. d4 d5 2. Nf3 Nf6 3. g3 g6 4. Bg2 Bg7 5. 0-0 0-0 6. c4 c6 7. Qb3 b6 8. cxd5 cxd5 9. Ne5 Bb7 10. Nc3 Ne4 11. Nxe4 dxe4 12. Be3 Nd7 13. Rfd1 Nf6 14. Rac1 Bd5 15. Qa3 Qd6 16. Qa6 Ne8 17. Bf4 Qe6 18. Nc4 h6 19. h4 f6 20. Ne3 g5 21. Nxd5 Qxd5 22. hxg5 hxg5 23. Bc7 g4 24. Bf4 f5 25. e3 Kf7 26. Bf1 e6 27. Bb5 Qd8 28. Qb7+ Kg8 29. Bd7 1-0